Čiernohronská železnica.30 rokov zápasu o zachovanie. - Čiernohronská lesní dráha
Gespeichert in:
| Hauptverfasser: | , |
|---|---|
| Format: | Buch |
| Sprache: | Slowakisch Tschechisch |
| Veröffentlicht: |
Praha :
Nakladatelství RCH,
2009
|
| Tags: |
Keine Tags, Fügen Sie das erste Tag hinzu!
|
MARC
| LEADER | 00000nam a22000003a 4500 | ||
|---|---|---|---|
| 001 | stu197468 | ||
| 005 | 20150617230036.6 | ||
| 008 | 091222s2009----xr------------------slo-d | ||
| 020 | |a 80-903346-8-7 | ||
| 040 | |a STU |b slo | ||
| 041 | 0 | |a slo |a cze | |
| 044 | |a xr | ||
| 080 | |a 625.1/.5 | ||
| 100 | 1 | |a Bílek, Aleš |4 aut | |
| 245 | 1 | |a Čiernohronská železnica.30 rokov zápasu o zachovanie. - Čiernohronská lesní dráha | |
| 260 | |a Praha : |b Nakladatelství RCH, |c 2009 | ||
| 300 | |a 144,152 s | ||
| 700 | 1 | |a Zeithammer, Karel |4 aut | |
| 996 | |b 284M079654 |c M*12600-1 |l MMKN |s A |a 24 |w stu197468_0002 | ||
| 996 | |b 284V033288 |c V*50712/O-22682 |l VVT |s A |a 24 |w stu197468_0003 | ||